000 01182nam a22003617a 4500
001 000011563
003 CHAP
005 20220329133813.0
008 971013s r 00010 d
010 _a11144
011 _a12116
035 _a14224
040 _cCHAP
090 _aFolleto 7835 (1986)
100 0 0 _aFlores Gallardo, Dulce María.
_941532
245 1 0 _aEcología de poblaciones.
260 _aChapingo, Méx. :
_bUACH. Depto. de Suelos,
_c[19--].
300 _a33 p.
490 1 _aUACH. Depto. de Suelos. Serie ecología
590 _aBATCH-UPD
_b10
_c20130110
_lUCH01
_h1803
590 _aBATCH-UPD
_b10
_c20130410
_lUCH01
_h1139
590 _aBATCH-UPD
_b10
_c20130914
_lUCH01
_h1227
590 _aCONVERSION
_b10
_c20130109
_lUCH01
_h1307
590 _aE5995AHE
_b05
_c20150204
_lUCH01
_h1353
650 1 4 _aEcología.
_935134
830 0 _aUACH. Depto. de Suelos. Serie ecología
_9115911
901 _aBK
942 _cFOLL
942 _n0
949 _aFolleto 7835 (1986)
_bBC
_cFOLL
_d-144710
_eTS1
_i14224
_si
949 _aFolleto 7835 (1986)
_bBC
_cFOLL
_d-144711
_eTS2
_fc.2
_i14224
_si
949 _aFolleto 7835 (1986)
_bBC
_cFOLL
_d-144712
_eTS2
_fc.3
_i14224
_si
999 _c11144
_d11144